Bieda slovenskej ekonómie

Ponímanie ekonómie ako vedy na Slovensku. Zamieňanie politiky a žurnalistiky s ekonómiou. Búrlivý vývoj v ekonómii a ekonomických teóriách. Experimentovanie a inovácie priniesli zmeny do ekonomickej vedy, priniesli novú makroekonómiu. Ekonomické vzdelávanie a výskum na Slovensku - kritika. Kritika e...

Celý popis

Uložené v:
Podrobná bibliografia
Hlavný autor: Filko, Martin
Médium: Kapitola
Jazyk:Slovak
Predmet:
Tagy: Pridať tag
Žiadne tagy, Buďte prvý, kto otaguje tento záznam!

MARC

LEADER 00000naa$a2200000$$$4500
001 0049600
005 20231009084419.1
041 0 |a slo 
044 |a SK 
245 1 0 |a Bieda slovenskej ekonómie  |c Martin Filko 
520 |a Ponímanie ekonómie ako vedy na Slovensku. Zamieňanie politiky a žurnalistiky s ekonómiou. Búrlivý vývoj v ekonómii a ekonomických teóriách. Experimentovanie a inovácie priniesli zmeny do ekonomickej vedy, priniesli novú makroekonómiu. Ekonomické vzdelávanie a výskum na Slovensku - kritika. Kritika ekonomického vzdelávania na Ekonomickej univerzite. Kritika Ekonomickej univerzity ako takej. 
610 2 0 |a ekonómia 
610 2 0 |a teórie ekonomické 
610 2 0 |a veda ekonomická 
610 2 0 |a vzdelávanie 
610 2 0 |a školy vysoké 
610 2 0 |a univerzity 
610 2 0 |a Slovensko 
100 1 |a Filko, Martin